This, But Not That IX Quiz Stats

Quiz Updated Jan 5, 2018

Challenge
Share
Tweet
Score 0/18 Timer 05:00
11 Plays Today
% Correct
Types of Blood Cells
92%
Colors in the British Flag
91.7%
Former First Lady First Names
87.7%
Donald Duck's Nephews
87.1%
Winter Olympic Cities
86.9%
Quentin Tarantino Movies
86%
Michael Jackson Albums
83.4%
Sides in Chess
79.7%
English Explorers
78.1%
% Correct
Literary Genres
76%
U.S. State Capitals
70.7%
Library Classification Systems
68.6%
Asian Beer Brands
65.2%
Restaurant Jobs
64.8%
Shades of Green
61.2%
Helicopters
55.3%
Language Families
50.3%
Monster Movies
43.6%

You're not logged in!

Compare scores with friends on all Sporcle quizzes.
Join for Free
OR
Log In

You Might Also Like...

Show Comments

Extras

Top Quizzes Today


Score Distribution

Your Account Isn't Verified!

In order to create a playlist on Sporcle, you need to verify the email address you used during registration. Go to your Sporcle Settings to finish the process.

Report this User

Report this user for behavior that violates our Community Guidelines.

Details: